[Event "Donau op 19th"]
[Site "Aschach"]
[Date "2010.12.27"]
[Round "2"]
[White "Steiner, Guenter"]
[Black "Diermair, Andreas"]
[Result "1/2-1/2"]
[WhiteElo "2195"]
[BlackElo "2387"]
[PlyCount "28"]
[EventDate "2010.12.26"]
[EventType "swiss"]
[EventRounds "7"]
[EventCountry "AUT"]
[SourceTitle "CBM 140 Extra"]
[Source "ChessBase"]
[SourceDate "2011.03.01"]
[SourceVersion "1"]
[SourceVersionDate "2011.03.01"]
[SourceQuality "1"]

1. d4 Nf6 2. c4 c6 3. Nf3 d5 4. e3 Bf5 5. Nc3 e6 6. Nh4 Be4 7. f3 Bg6 8. Qb3 Qc7 9. Bd2 Be7 10. cxd5 Nxd5 11. Nxg6 hxg6 12. 0-0-0 a6 13. Kb1 Nf6 14. Rc1 Nbd7 1/2-1/2

[Event "Donau op 18th"]
[Site "Aschach"]
[Date "2009.12.28"]
[Round "4"]
[White "Neuman, Petr"]
[Black "Steiner, Guenter"]
[Result "1-0"]
[WhiteElo "2439"]
[BlackElo "2196"]
[PlyCount "81"]
[EventDate "2009.12.26"]
[EventType "swiss"]
[EventRounds "7"]
[EventCountry "AUT"]
[SourceTitle "CBM 134 Extra"]
[Source "ChessBase"]
[SourceDate "2010.03.03"]
[SourceVersion "1"]
[SourceVersionDate "2010.03.03"]
[SourceQuality "1"]

1. c4 e6 2. d4 d5 3. Nc3 c5 4. cxd5 exd5 5. Nf3 Nc6 6. g3 Nf6 7. Bg2 Be7 8. 0-0 0-0 9. Bg5 cxd4 10. Nxd4 h6 11. Be3 Bg4 12. h3 Bh5 13. Nf5 Re8 14. Qb3 Bf8 15. Rad1 Na5 16. Qa4 Nc4 17. Qb3 Na5 18. Qa4 Nc4 19. Bc1 Qc8 20. g4 Bg6 21. Ne3 a6 22. Ncxd5 b5 23. Qb3 Ne4 24. Nxc4 bxc4 25. Qa4 Bc5 26. Be3 Rb8 27. Qxc4 Bxe3 28. Qxc8 Bxf2+ 29. Rxf2 Rbxc8 30. Bxe4 Bxe4 31. Nc3 Bg6 32. Rf4 Re3 33. Rf3 Re6 34. Kf2 h5 35. g5 Rc5 36. Rd5 Rxd5 37. Nxd5 Be4 38. Nf4 Bxf3 39. Nxe6 Bxe2 40. Kxe2 fxe6 41. b4 1-0

[Event "AUT-chT2M 9899"]
[Site "Austria"]
[Date "1998.11.27"]
[Round "1"]
[White "Rolletschek, Heinrich"]
[Black "Steiner, Guenter"]
[Result "0-1"]
[WhiteElo "2300"]
[BlackElo "2240"]
[PlyCount "46"]
[EventDate "1998.11.??"]
[EventType "team-swiss"]
[EventRounds "11"]
[EventCountry "AUT"]
[SourceTitle "EXT 2000"]
[Source "ChessBase"]
[SourceDate "1999.11.16"]
[SourceVersion "1"]
[SourceVersionDate "1999.11.16"]
[SourceQuality "1"]

1. e4 c6 2. d4 d5 3. Nd2 dxe4 4. Nxe4 Bf5 5. Ng3 Bg6 6. h4 h6 7. Nf3 Nd7 8. h5 Bh7 9. Bd3 Bxd3 10. Qxd3 e6 11. Bd2 Ngf6 12. 0-0-0 Be7 13. Kb1 0-0 14. Ne4 c5 15. dxc5 Nxc5 16. Nxf6+ Bxf6 17. Qb5 Qc7 18. Be3 b6 19. Nd2 Rfd8 20. Bxc5 bxc5 21. Ne4 Bxb2 22. Nxc5 Bf6 23. Nd7 Rab8 0-1

[Event "AUT-chT 9798"]
[Site "Austria"]
[Date "1997.11.08"]
[Round "4"]
[White "Bawart, Markus"]
[Black "Steiner, Guenter"]
[Result "1/2-1/2"]
[WhiteElo "2325"]
[BlackElo "2205"]
[PlyCount "28"]
[EventDate "1997.10.12"]
[EventType "team-tourn"]
[EventRounds "11"]
[EventCountry "AUT"]
[SourceTitle "CBM 063 ext"]
[Source "ChessBase"]
[SourceDate "1998.04.29"]
[SourceVersion "1"]
[SourceVersionDate "1998.04.29"]
[SourceQuality "1"]
[WhiteTeam "Hietzing"]
[BlackTeam "Traun"]
[WhiteTeamCountry "AUT"]
[BlackTeamCountry "AUT"]

1. Nf3 d5 2. d4 Nf6 3. c4 e6 4. Nc3 Be7 5. Bf4 0-0 6. e3 c5 7. a3 cxd4 8. exd4 Nc6 9. c5 Ne4 10. Qc2 Qa5 11. Bd3 f5 12. h4 Bf6 13. Be3 e5 14. dxe5 Nxe5 1/2-1/2

[Event "AUT-chT 9798"]
[Site "Austria"]
[Date "1997.10.12"]
[Round "1"]
[White "Steiner, Guenter"]
[Black "Freitag, Manfred"]
[Result "0-1"]
[WhiteElo "2205"]
[BlackElo "2390"]
[PlyCount "74"]
[EventDate "1997.10.12"]
[EventType "team-tourn"]
[EventRounds "11"]
[EventCountry "AUT"]
[SourceTitle "CBM 063 ext"]
[Source "ChessBase"]
[SourceDate "1998.04.29"]
[SourceVersion "1"]
[SourceVersionDate "1998.04.29"]
[SourceQuality "1"]
[WhiteTeam "Traun"]
[BlackTeam "Fuerstenfeld"]
[WhiteTeamCountry "AUT"]
[BlackTeamCountry "AUT"]

1. d4 Nf6 2. Bg5 c5 3. Bxf6 gxf6 4. d5 Qb6 5. Qc1 f5 6. g3 Bg7 7. c3 Qf6 8. Bg2 d6 9. e3 Nd7 10. Ne2 Ne5 11. Qc2 Bd7 12. Nd2 b5 13. Nf3 Rc8 14. Nxe5 dxe5 15. 0-0 h5 16. h4 Bh6 17. f4 e4 18. Rad1 Bg7 19. Rd2 Rh6 20. Kf2 Qb6 21. Bh3 Rd6 22. Rc1 c4 23. Qd1 Rc5 24. Nd4 Rcxd5 25. Qxh5 e5 26. fxe5 Bxe5 27. Rg1 Rh6 28. Qd1 Qf6 29. Ne2 Rd3 30. Nc1 Be6 31. Nxd3 cxd3 32. Qf1 Rxh4 33. gxh4 Qxh4+ 34. Kg2 f4 35. Kh1 fxe3 36. Rh2 e2 37. Rg8+ Ke7 0-1

[Event "Jacques Lemans op 15th"]
[Site "St Veit"]
[Date "1995.??.??"]
[Round "8"]
[White "Steiner, Guenter"]
[Black "Fahrner, Kurt"]
[Result "1/2-1/2"]
[WhiteElo "2185"]
[BlackElo "2330"]
[PlyCount "47"]
[EventDate "1995.07.??"]
[EventType "swiss"]
[EventRounds "9"]
[EventCountry "AUT"]
[SourceTitle "EXT 1998"]
[Source "ChessBase"]
[SourceDate "1997.11.17"]
[SourceVersion "1"]
[SourceVersionDate "1997.11.17"]
[SourceQuality "1"]

1. d4 g6 2. e4 c6 3. c4 d5 4. exd5 cxd5 5. Nc3 Nf6 6. Qb3 e6 7. Bf4 Bg7 8. Qa3 Bf8 9. Qb3 Bg7 10. Qa3 Bf8 11. Qb3 Bd6 12. Bg5 0-0 13. Nf3 Nc6 14. cxd5 exd5 15. Be2 Kg7 16. 0-0 h6 17. Bxf6+ Qxf6 18. Nxd5 Nxd4 19. Nxd4 Qxd4 20. Ne3 Qe5 21. g3 Be6 22. Bc4 Bc5 23. Rae1 Rae8 24. Bxe6 1/2-1/2

[Event "Kiekrz op"]
[Site "Kiekrz"]
[Date "1995.??.??"]
[Round "6"]
[White "Steiner, Guenter"]
[Black "Richter, Juergen"]
[Result "1-0"]
[WhiteElo "2185"]
[BlackElo "2030"]
[PlyCount "72"]
[EventDate "1995.??.??"]
[EventType "swiss"]
[EventRounds "7"]
[EventCountry "BEL"]
[SourceTitle "EXT 1998"]
[Source "ChessBase"]
[SourceDate "1997.11.17"]
[SourceVersion "1"]
[SourceVersionDate "1997.11.17"]
[SourceQuality "1"]

1. d4 Nf6 2. Bg5 e6 3. Nd2 Be7 4. e3 c5 5. c3 b6 6. Ngf3 0-0 7. Qa4 cxd4 8. exd4 Bb7 9. Bd3 Nc6 10. Nc4 d6 11. 0-0 Qd7 12. Ne3 Rfd8 13. Qd1 Rac8 14. a4 Nb8 15. Bxf6 Bxf6 16. Qe2 g6 17. a5 Bg7 18. axb6 axb6 19. Ng5 Nc6 20. Bb5 Qe7 21. Qg4 Ra8 22. Nc4 Rxa1 23. Rxa1 Ra8 24. Re1 Na7 25. Nxb6 Nxb5 26. Nxa8 Bxa8 27. Ra1 Qb7 28. f3 Nc7 29. b4 Qd5 30. Qh4 h6 31. Ne4 g5 32. Qg3 e5 33. h4 exd4 34. hxg5 hxg5 35. Ra5 Qb3 36. Rxg5 Ne8 1-0

[Event "Casino op 3rd"]
[Site "Velden"]
[Date "1995.??.??"]
[Round "3"]
[White "Steiner, Guenter"]
[Black "Thielemann, Joachim"]
[Result "1-0"]
[WhiteElo "2174"]
[BlackElo "1845"]
[PlyCount "79"]
[EventDate "1995.06.30"]
[EventType "swiss"]
[EventRounds "9"]
[EventCountry "AUT"]
[SourceTitle "EXT 2022"]
[Source "ChessBase"]
[SourceDate "2021.10.06"]
[SourceVersion "1"]
[SourceVersionDate "2021.10.06"]
[SourceQuality "1"]

1. d4 Nf6 2. Bg5 Ne4 3. h4 c6 4. Nd2 Qa5 5. Ngf3 d6 6. c3 Bf5 7. Nxe4 Bxe4 8. Nd2 Bg6 9. Qb3 Qc7 10. h5 Bf5 11. e4 Be6 12. c4 f6 13. Be3 Bf7 14. Be2 Nd7 15. a4 b6 16. Qd1 e6 17. Nb3 Be7 18. 0-0 g5 19. Rc1 f5 20. Bd3 f4 21. Bd2 Nf6 22. h6 Bh5 23. Be2 Bg6 24. f3 Rd8 25. d5 e5 26. dxc6 Qxc6 27. c5 0-0 28. Bb5 Qc7 29. c6 d5 30. exd5 Nxd5 31. Qe1 Kh8 32. Bc3 Nxc3 33. Qxc3 Rd5 34. Rfd1 Rfd8 35. Rxd5 Rxd5 36. Qe1 Bf8 37. Rd1 Rxd1 38. Qxd1 Be8 39. Qd5 Bxh6 40. Qe6 1-0

[Event "Budapest Spring op 10th"]
[Site "Budapest"]
[Date "1994.??.??"]
[Round "9"]
[White "Ruck, Tamas"]
[Black "Steiner, Guenter"]
[Result "1/2-1/2"]
[WhiteElo "2320"]
[BlackElo "2245"]
[PlyCount "116"]
[EventDate "1994.03.??"]
[EventType "swiss"]
[EventRounds "9"]
[EventCountry "HUN"]
[SourceTitle "EXT 1997"]
[Source "ChessBase"]
[SourceDate "1996.11.15"]
[SourceVersion "1"]
[SourceVersionDate "1996.11.15"]
[SourceQuality "1"]

1. e4 c6 2. d4 d5 3. Nc3 dxe4 4. Nxe4 Bf5 5. Ng3 Bg6 6. h4 h6 7. Nf3 Nd7 8. h5 Bh7 9. Bd3 Bxd3 10. Qxd3 Qc7 11. Bd2 e6 12. 0-0-0 Ngf6 13. Ne4 0-0-0 14. g3 Nxe4 15. Qxe4 Bd6 16. c4 Nf6 17. Qe2 c5 18. Bc3 Rhe8 19. Kb1 Qc6 20. Rh4 Re7 21. dxc5 Qxc5 22. Ne5 Bxe5 23. Rxd8+ Kxd8 24. Qxe5 Qxe5 25. Bxe5 Rd7 26. Kc2 Ke7 27. f3 a6 28. Rh1 Ne8 29. g4 Rd8 30. f4 Rd7 31. g5 f6 32. Bc3 fxg5 33. fxg5 hxg5 34. Bxg7 Nxg7 35. h6 Rd8 36. hxg7 Rg8 37. Kd3 Rxg7 38. Rh3 g4 39. Rg3 Kf6 40. Ke4 Kg5 41. Ke5 Rc7 42. b3 Rc5+ 43. Kxe6 Kf4 44. Rg1 g3 45. Kd6 b6 46. Rc1 a5 47. a3 g2 48. b4 Rh5 49. Rg1 Kf3 50. Kc6 Rh6+ 51. Kb5 axb4 52. axb4 Kf2 53. Rxg2+ Kxg2 54. c5 bxc5 55. bxc5 Kf3 56. c6 Ke4 57. c7 Rh8 58. Kc6 Ke5 1/2-1/2